000
00296nam a2200109Ia 4500
008
171204s9999 xx 000 0 und d
245
_a
Resorts of 10 Leading Brands:
245
_c
Mandy Li
260
_c
2013
650
_x
Resort Management
856
_u
http://down.ebook777.com/046/9881545269.pdf
999
_c
346833
_d
346833